Batman Arkham Origins Heroes/Villains - Statistics

General Stats
  • This quiz has been taken 764 times
    101 since last reset
  • The average score is 16 of 26
Answer Stats
Answer % Correct
Joker
99%
Batman
92%
Bane
88%
Penguin
84%
Alfred Pennyworth
83%
Deathstroke
81%
Killer Croc
81%
Barbara Gordon
80%
Black Mask
80%
Captain James Gordon
72%
Deadshot
71%
Robin
71%
Riddler
70%
Copperhead
67%
Firefly
67%
Electrocutioner
57%
Shiva
57%
Mr Freeze
54%
Harleen Quinzel
53%
Mad Hatter
42%
Anarky
40%
Calendar Man
20%
Alberto Falcone
17%
Harvey Bullock
16%
Quincy Sharp
12%
Amanda Waller
6%
No matching quizzes found
Score Distribution
Percent of People with Each Score
Percentile by Number Answered
Your Score History
You have not taken this quiz since the last reset